000 00325nam a22001457a 4500
008 210311b ||||| |||| 00| 0 eng d
020 _a9780205386420
041 _aeng
080 _26th
_a37
082 _a37
100 _a46
101 _aEDU
245 _aUnderstanding Reading Problems
_cGillet, J. W
942 _2udc
_cBK
999 _c56377
_d56377